01292nam a2200313 i 4500001001000000003000900010005001700019007000300036008004100039020001500080040003000095082002600125245027600151250002200427264005700449300004500506336002700551337003300578338002800611610004500639650003200684650005200716651005700768700004000825700002400865700002800889700003000917700003100947000022357DO-SdBNP20260520093626.0ta090729s1978 dr 000 0 spa d a8440013027 aDO-SdBNPbspacBNPHUerda 4a724.1bS238p 197822200aPalacio de la Real Audiencia y Chancillería de Indias y Palacio de los Gobernadores y Capitanes Generales :bguía de visita /ctexto y coordinación, Consuelo Sanz-Pastor, Pedro J. Santiago, Cayo F. Castellanos V., Eugenio Pérez Montás, Manuel Valverde Podestá asegunda edición 4aSanto Domingo :bMuseo de las Casas Reales,c©1978. a78 páginas :bilustraciones ;c23 cm. atextobtxt2rdacontent asin mediaciónbn2rdamedia avolumenbnc2rdacarrier24aMuseo de las Casas RealesxDescripciones 4aColecciones museográficas 4aMonumentos históricoszRepública Dominicana 4aSanto Domingo (República Dominicana{Rpara}xMuseos1 aSanz-Pastor, Consuelo,eautor4aut.1 aSantiago, Pedro J.,1 aCastellanos V., Cayo F.1 aPérez Montás, Eugenio1 aValverde Podestá, Manuel